01247nam a2200325 a 4500001001000000003000900010005001700019007001000036008004100046020001800087040002200105082001900127100002500146245004800171260008600219300004300305490003100348500007100379586012500450650002400575650002600599830003100625930003900656942001200695952012400707956001800831956001900849956003800868999001500906000038016DO-SdBNP20170529100309.0000038016130312s2012 dr 000 0 spa d a9789945883817 aBPMSUbspacBPMSU aRD861.44bE77v1 aEsquea, Rosa Francia10aVersos de mi país /cRosa Francia Esquea. aPuerto Plata, República Dominicana :bSociedad Cultural de Renovación,c2012. a195 p., 43 h. lám. :bil., ;c20 cm.1 aPor nuestro país primero aObra premiada en el Concurso Literario Por nuestro país primero. aPremio Delia Quesada, Género Literario Infantil, Sociedad Cultural Renovación, Puerto Plata, República Dominicana. aPOESÍA DOMINICANA aLITERATURA DOMINICANA 0aPor nuestro país primero 1lReusar registro m 8 f p g h  2ddccBK 00102ddc40708DOMaBPMETbBPMETd2015-05-08eDonaciónl0oRD861.44 E77vpBPMSU15051607r2015-05-08w2015-05-08yBK a b c l h  a b c l h  aVMATEOb10c20150508lBPMSUh0069 c7824d7824